[Event "Reykjavik Congress"]
[Site "Reykjavik"]
[Date "2020.01.19"]
[Round "5"]
[White "Omarsson, Adam"]
[Black "Jonsson, Thorsteinn Emil"]
[Result "1-0"]
[WhiteElo "1241"]
[BlackElo "1114"]
[PlyCount "47"]
[EventDate "2020.01.05"]
[EventType "swiss"]
[EventRounds "9"]
[EventCountry "ISL"]
[SourceTitle "CBM 194 Extra"]
[Source "ChessBase"]
[SourceDate "2020.03.31"]
[SourceVersion "1"]
[SourceVersionDate "2020.03.31"]
[SourceQuality "1"]

1. d4 d5 2. Bf4 Nc6 3. e3 Bf5 4. Nf3 Nf6 5. c4 e6 6. a3 Bxb1 7. Rxb1 a5 8. Bd3 Be7 9. Rc1 dxc4 10. Bxc4 Ne4 11. Bb5 0-0 12. Bxc6 bxc6 13. Rxc6 Bd6 14. Bxd6 cxd6 15. Qc2 d5 16. 0-0 Re8 17. Rc1 h6 18. Rc7 Nf6 19. Ne5 Re7 20. Rxe7 Qxe7 21. Qc7 Qe8 22. h3 a4 23. Nc6 Rc8 24. Ne7+ 1-0

[Event "Reykjavik Congress"]
[Site "Reykjavik"]
[Date "2020.01.12"]
[Round "3"]
[White "Skarphedinsson, Ingvar Wu"]
[Black "Jonsson, Thorsteinn Emil"]
[Result "1-0"]
[WhiteElo "1484"]
[BlackElo "1114"]
[PlyCount "59"]
[EventDate "2020.01.05"]
[EventType "swiss"]
[EventRounds "9"]
[EventCountry "ISL"]
[SourceTitle "CBM 194 Extra"]
[Source "ChessBase"]
[SourceDate "2020.03.31"]
[SourceVersion "1"]
[SourceVersionDate "2020.03.31"]
[SourceQuality "1"]

1. e4 e5 2. Nf3 Nc6 3. Bc4 Bc5 4. 0-0 Nf6 5. d3 0-0 6. Bg5 Re8 7. c3 Be7 8. Nbd2 d5 9. Bxf6 dxc4 10. Bxe7 Qxe7 11. Nxc4 Bg4 12. Ne3 Qd7 13. Nxg4 Qxg4 14. Nd2 Qg5 15. Re1 Rad8 16. Nf1 Re6 17. Re3 Red6 18. Qe2 Ne7 19. Kh1 f5 20. exf5 Qxf5 21. Rxe5 Qf6 22. Rxe7 Rxd3 23. Rxc7 Qb6 24. Re7 Qc6 25. Qe6+ Qxe6 26. Rxe6 Rd1 27. Re1 R1d5 28. g3 Rb5 29. b3 Rd3 30. Re3 1-0

[Event "ISL-ch sf"]
[Site "Kopavogur"]
[Date "2014.05.24"]
[Round "2"]
[White "Davidsson, Oskar Vikingur"]
[Black "Jonsson, Thorsteinn Emil"]
[Result "1-0"]
[WhiteElo "1412"]
[BlackElo "1000"]
[PlyCount "43"]
[EventDate "2014.05.23"]
[EventType "swiss"]
[EventRounds "9"]
[EventCountry "ISL"]
[SourceTitle "CBM 160 Extra"]
[Source "ChessBase"]
[SourceDate "2014.07.01"]
[SourceVersion "1"]
[SourceVersionDate "2014.07.01"]
[SourceQuality "1"]

1. e4 e5 2. Nf3 Nc6 3. Bc4 Bc5 4. 0-0 Nf6 5. d4 Bxd4 6. Nxd4 Nxd4 7. Bg5 0-0 8. f4 d6 9. Nc3 Bd7 10. Qd2 Qe7 11. Rad1 Rfd8 12. Bxf6 Qxf6 13. fxe5 Qxe5 14. Qxd4 Qxd4+ 15. Rxd4 Re8 16. Bxf7+ Kh8 17. Bxe8 Rxe8 18. e5 c5 19. Rxd6 Bc6 20. e6 h6 21. Rf7 Kh7 22. e7 1-0